000 00670nam a2200265Ia 4500
005 20260121170531.0
008 008 260114s9999 xx 000 0 eng d
020 _a9783319660080
037 _aEBOOK
040 _aCRL
040 _beng
040 _cCRL
041 _2eng
041 _aeng
084 _qCRL
100 _aImogen Marcus
_91065067
245 4 _aThe Linguistics of Spoken Communication in Early Modern English Writing
260 _bSpringer
260 _bSpringer
260 _c2018
856 _uhttps://link.springer.com/openurl?genre=book&isbn=978-3-319-66008-0
942 _cEBOOK
999 _c1630797
_d1630797